Регионална библиотека "Любен Каравелов" - Русе

Всемирното братство и двете ложи (Запис номер 448866)

MARC детайли
000 -Лидер
Контролно поле с фиксирана дължина 01719nam a2200289 a 4500
003 - Код на организацията, давaща контролен номер
Контролно поле BLK
005 - Дата и час на последна редакция
Контролно поле 20240601104233.0
008 - Елементи от данни с фиксирана дължина
fixed length control field 180410b bul|||||r ||||||| ||bul||
020 ## - Международен стандартен номер на книга ISBN
Международен стандартен номер на книга ISBN 9786197449709
040 ## - Източник на каталожния запис
Идентификатор на билиотеката - собственик на записа BLK
041 ## - Код за език
Код за езика на текст/звукозапис или на отделно заглавие Български
Код за езика КДБФ Български
080 ## - УДК
Текстов определител УДК Философски мистицизъм. Ранни езотерични школи. Кабала. Теософия. Антропософия. Суфизъм. Еклектизъм. Синкретизъм. Херметизъм. Розенкройцерство. Др. школи
УДК код - определител по УДК 141.33
УДК - код + определител 141.33
080 ## - УДК
Текстов определител УДК Движения с елементи на християнство. Вкл. Антропософско движение (Християнска общност)
УДК код - определител по УДК 299.7
УДК - код + определител 299.7
100 ## - Редна дума - Автор
Автор Дънов, Петър Константинов
R(LIN) 244373
139 ## - Редно поле
Редна дума Дънов, Петър Константинов
Авторски знак Дъ - Д 95
245 10 - Сведения за заглавието
Заглавие Всемирното братство и двете ложи
Редно поле (дума) Из словото на Учителя Петър Дънов и Елеазар Хараш ; Предг. Елеазар Хараш.
260 ## - Област на издателските данни
Място на издаване, разпространение и проч. Варна
Име на издателя, разпространителя и проч. Светът на книгите
Година на издаване 2021
Печатница (Варна : График)
9 (RLIN) 391418
Издателство - префикс ISBN 954-9832-
300 ## - Физическа характеристика
Страници 256 с.
Размери/Мащаб 17 см
380 ## - Жанр
Жанр Философия
500 ## - Общи забележки
Забележка Елеазар Хараш - псевд. на авт. Петко Йорданов Йорданов.
504 ## - Забележка за наличие на библиография и др
Забележка за наличие на библиография и под. Библиогр.: с. 240-253.
650 #7 - Допълнително описание по предмет – тема
9 (RLIN) 153927
Основно описание – тема или топоним Дъновизъм
700 1# - Други автори (авторска отговорност)
Лично име Хараш, Елеазар
Пълна форма на името Йорданов, Петко Йорданов
Друга информация Писател и издател, езотерика
9 (RLIN) 136203
852 ## - Местоположение
Форматна сигнатура Цб І 40984
Фондова буква Хранилище
999 ## - СИСТЕМНИ КОНТРОЛНИ НОМЕРА
Koha biblionumber 448866
Koha biblioitemnumber 448866
942 ## - АРТИКУЛИ
Вид на библиотечния материал Книги
Скрит в OPAC Не
Периодичен библиозапис Да
Koha issues (borrowed), all copies 1
944 ## - СЪЗДАВАНЕ И РЕДАКЦИЯ на ЗАПИСА
Създаване/Редакция Създаване
Дата на регистрацията/редакция 2022-03-15
Служител, извършил регистрацията/редакцията 30552
Статус, дата на статуса Виолета Тройчева
Наличности
Код за отписване Код за изгубен артикул Източник на класификационната схема Код за повреда Коз за рестрикции Код за отдаване Артикулен № Име на библиотеката - собственик Име на библиотеката, в която се намира в момента Статус (Текущо местоположение) Дата на вписване в системата Местоположение - отдел Цена в лева Систематично азбучна сигнатура Баркод Цена в евро Служебен тип на артикула Инвентарен номер
  Не е изгубен Universal Decimal Classification Не е повреден само за читалня ползва се в читалня 877676 Регионална библиотека "Любен Каравелов" Русе Регионална библиотека "Любен Каравелов" Русе Хранилище 2022-03-21 Хранилище 14.00 Цб І 40984 120000869617 7.16 Книги  
  Не е изгубен Universal Decimal Classification Не е повреден   заемане за дома 942057 Регионална библиотека "Любен Каравелов" Русе Регионална библиотека "Любен Каравелов" Русе Заемна - подръчен фонд 2024-04-05 Заемна - подръчен фонд 14.00 14/Д 95 П 120000901044 7.16 Книги 120000901044
Vip Innovations Ltd, Rousse, Bulgaria 2025